Thủy lực; T2

Đã lưu trong:
Sonraí Bibleagrafaíochta
Príomhúdar: Nguyễn Tài
Formáid: Leabhar
Teanga:Undetermined
Foilsithe: Hà Nội Xây dựng 1997
Ábhair:
Clibeanna: Cuir Clib Leis
Gan Chlibeanna, Bí ar an gcéad duine leis an taifead seo a chlibeáil!
Thư viện lưu trữ: Trung tâm Học liệu Trường Đại học Cần Thơ
LEADER 00515nam a2200193Ia 4500
001 CTU_21967
008 210402s9999 xx 000 0 und d
020 |b 26.000đ 
082 |a 627 
082 |b T103/T2/1997 
100 |a Nguyễn Tài 
245 0 |a Thủy lực; T2 
245 0 |c Nguyễn Tài 
260 |a Hà Nội 
260 |b Xây dựng 
260 |c 1997 
650 |a fluid mechanics,hydrodynamics 
904 |i Minh, 980225 
980 |a Trung tâm Học liệu Trường Đại học Cần Thơ